000 01060cam a2200313 i 4500
001 bg
003 KOSZ 005
005 20210809141326.0
008 960404s1995 uk f |000 0 eng d
020 _a052145803X
040 _cBPK
080 _a37.016:811.111
080 _a37.013
100 1 _aRichards, Jack C.
_d(1943- ).
245 1 0 _aReflective teaching in second language classrooms /
_cJack C. Richards, Charles Lockhart.
250 _a[1st publ. 2nd print.].
260 _aCambridge :
_bCambridge Univ. Press,
_c1995.
300 _aXII, 218 s. :
_bfot., rys. ;
_c24 cm.
490 1 _aCambridge Language Education
504 _aBibliogr. 205-213. - Indeks.
650 4 _aJęzyki
650 4 _aNauczanie języków
650 4 _aJęzyk angielski
658 _aJęzykoznawstwo
700 1 _aLockhart, Charles Alan
_d(1954- ).
830 0 _aCambridge Language Education
856 _uhttp://koha.tu.koszalin.pl/cgi-bin/koha/opac-detail.pl?biblionumber=30568
_yKatalog online BPK
942 _cKS
_2UKD
999 _c30568
_d30568